000 01226pam a2200289 a 4500
001 3448596
005 20190416020053.0
008 920130s1992 vaua b 000 0 eng
010 _a 92006996
020 _a0873533097 (set)
020 _a0873533283 (vol.) :
_c$17.00
040 _aDLC
_cDLC
_dDLC
050 0 0 _aQA11
_b.M482 1992
082 0 0 _a510/.712
_220
245 0 2 _aA Core curriculum :
_bmaking mathematics count for everyone /
_cSteven P. Meiring ... [et al.].
260 _aReston, Va. :
_bNational Council of Teachers of Mathematics,
_cc1992.
300 _aviii, 150 p. :
_bill. (some col.) ;
_c28 cm.
440 0 _aCurriculum and evaluation standards for school mathematics addenda series.
_pGrades 9-12
504 _aIncludes bibliographical references (p. 143-150).
650 0 _aMathematics
_xStudy and teaching (Secondary)
650 0 _aEducation
_xCurricula.
700 1 _aMeiring, Steven P.
710 2 _aNational Council of Teachers of Mathematics.
906 _a7
_bcbc
_corignew
_d1
_eocip
_f19
_gy-gencatlg
942 _2lcc
_cBOOKS
_hQA 11 .M482 1992
_01
999 _c11865
_d11865